Catálogo
 En Linea

Un interludio de tolerancia : (Registro nro. 26453)

Detalles MARC
000 -CABECERA
campo de control de longitud fija 01016nam a2200241 a 4500
001 - NÚMERO DE CONTROL
campo de control 000026961
005 - FECHA Y HORA DE LA ÚLTIMA TRANSACCIÓN
campo de control 20240409073641.0
008 - DATOS DE LONGITUD FIJA--INFORMACIÓN GENERAL
campo de control de longitud fija 110328s1987 dr ac 001 0 spa d
040 ## - FUENTE DE LA CATALOGACIÓN
Centro catalogador/agencia de origen DO-SdBNP
Lengua de catalogación spa
Centro/agencia transcriptor BNPHU
082 ## - NÚMERO DE LA CLASIFICACIÓN DECIMAL DEWEY
Número de clasificación 972.93053
Número de documento/Ítem V422u
100 1# - ENTRADA PRINCIPAL--NOMBRE DE PERSONA
Nombre de persona Vega, Bernardo,
Fechas asociadas al nombre 1938 -
9 (RLIN) 3222
245 13 - MENCIÓN DE TÍTULO
Título Un interludio de tolerancia :
Resto del título el acuerdo de Trujillo con los comunistas en 1946 /
Mención de responsabilidad, etc. Bernardo Vega.
260 ## - PUBLICACIÓN, DISTRIBUCIÓN, ETC.
Lugar de publicación, distribución, etc. Santo Domingo :
Nombre del editor, distribuidor, etc. Fundación Cultural Dominicana,
Fecha de publicación, distribución, etc. 1987.
300 ## - DESCRIPCIÓN FÍSICA
Extensión 514 p. :
Otras características físicas il., retrs. ;
Dimensiones 27 cm.
500 ## - NOTA GENERAL
Nota general Incluye datos biográficos del autor en la contracubierta.
500 ## - NOTA GENERAL
Nota general Incluye índice onomástico.
504 ## - NOTA DE BIBLIOGRAFÍA, ETC.
Nota de bibliografía, etc. Incluye referencias bibliográficas y notas la pie de las páginas.
504 ## - NOTA DE BIBLIOGRAFÍA, ETC.
Nota de bibliografía, etc. Bibliografía: p.487-488.
650 #4 - PUNTO DE ACCESO ADICIONAL DE MATERIA--TÉRMINO DE MATERIA
Término de materia o nombre geográfico como elemento de entrada Comunismo
Subdivisión general Historia
Subdivisión geográfica República Dominicana
9 (RLIN) 54052
650 #4 - PUNTO DE ACCESO ADICIONAL DE MATERIA--TÉRMINO DE MATERIA
Término de materia o nombre geográfico como elemento de entrada Movimientos anticomunistas
9 (RLIN) 54053
651 #4 - PUNTO DE ACCESO ADICIONAL DE MATERIA--NOMBRE GEOGRÁFICO
Nombre geográfico República Dominicana
Subdivisión general Política Y Gobierno
Subdivisión cronológica ERA DE TRUJILLO, 1930-1961
9 (RLIN) 1374
910 ## - DATOS DE OPCIÓN DEL USUARIO (OCLC)
Datos de opción del usuario Validado. Control de calidad EMS.
Existencias
Estado de retiro Estado de pérdida Restricciones de uso No para préstamo Código de colección Localización permanente Ubicación/localización actual Ubicación en estantería Fecha de adquisición Número de inventario Total de préstamos Signatura topográfica completa Código de barras Fecha visto por última vez Número de copia Precio válido a partir de Tipo de ítem Koha Nota pública
        Dominicana de Servicio General General Depósito 18.06.2019 LF1   972.93053 V422u 26961-30 25.06.2020 e.3 25.06.2020 Libro y Folleto Colección Dominicana de Servicio Perteneció a la biblioteca personal de la familia Reyes Duluc.
      Excluido de préstamo Patrimonio Dominicano Patrimonio Dominicano Patrimonio Dominicano Depósito 28.03.2011 LF1   972.93053 V422u 26961-10 25.06.2020   25.06.2020 Libro y Folleto Colección Patrimonio Dominicano  
      Excluido de préstamo Patrimonio Dominicano Patrimonio Dominicano Patrimonio Dominicano Depósito 04.04.2011 LF1   972.93053 V422u 26961-20 25.06.2020 e.2 25.06.2020 Libro y Folleto Colección Patrimonio Dominicano  

Con tecnología Koha